Normal view
MARC view
- Punmia,B.C.
Entry Personal Name
001 - CONTROL NUMBER
- control field: 947
003 - CONTROL NUMBER IDENTIFIER
- control field: OSt
005 - DATE AND TIME OF LATEST TRANSACTION
- control field: 20160715141428.0
008 - FIXED-LENGTH DATA ELEMENTS
- fixed length control field: 160715|| aca||aabn | a|a d
040 ## - CATALOGING SOURCE
- Original cataloging agency: OSt
- Transcribing agency: OSt
100 ## - HEADING--PERSONAL NAME
- Personal name: Punmia,B.C.
670 ## - SOURCE DATA FOUND
- Source citation: Work cat.: (OSt)14346: Punmia,B.C., Reinforced Concrete Structures- Volume -I, 2012
